| 000 | 01046cgm a2200217 a 4500 | ||
|---|---|---|---|
| 001 | vtls003031709 | ||
| 003 | MY-SjTCS | ||
| 005 | 20200306163840.0 | ||
| 008 | 061108s1993 flu040 s00 v|eng d | ||
| 039 | 9 |
_y200611081611 _zpushpa |
|
| 082 | 0 | 4 |
_a659.13 _bADV |
| 245 | 0 | 0 |
_aAdvertising layout _h[videorecording] |
| 260 |
_aSunrise, Fla. : _bD. E. Visuals, _cc1993. |
||
| 300 |
_a2 videodiscs (DVD) (40 min.) : _bsd., col. ; _c4 3/4 in. |
||
| 500 | _aDurations: pt. 1, 20 mins; pt. 2, 20 mins. | ||
| 520 | _aPt. 1 Discusses space allocation and uses of illustration, headline, copy, and logo. Includes demonstrations of basic art layout and mechanics. -- Pt. 2. Discusses proportion, design components, arrangement formats, visual direction, and visual organization. Includes examples of advertising formats and visual attention techniques. | ||
| 650 | 0 |
_aAdvertising layout and typography. _925198 |
|
| 650 | 0 |
_aAdvertising _xPsychological aspects. _928329 |
|
| 710 | 2 |
_aD.E. Visuals (Firm) _9240704 |
|
| 920 | _aMCS(USM): DVD200003, DVD200004 | ||
| 999 | _c45965 | ||